Представление документа в формате MARC21

Поле Инд. ПП Название Значение
Тип записи a
Библиографический уровень m
001 Контрольный номер RU/IS/BASE/626271834
005 Дата корректировки 20260113152826.2
020 a ISBN 978-5-534-12343-2
040 b Код языка каталог. rus
e Правила каталог. PSBO
041 0_ a Код языка текста rus
097 b Оператор *Ст*
097 b Оператор *Ир*
100 1_ a Автор Бачурин А.А.
245 10 a Заглавие Маркетинг на автомобильном транспорте
b Продолж. заглавия учебное пособие для вузов
b Продолж. заглавия в составе учебно-методического комплекса
250 a Основные сведения об издании 3-е изд.
260 a Место издания Москва
b Издательство Юрайт
c Дата издания 2022
440 _0 a Серия Высшее образование
440 _0 a Серия УМК-У
516 8_ a Прим. о типе комп. файла/ данных Текст : электронный
a Прим. о типе комп. файла/ данных Режим доступа: по подписке
a Прим. о типе комп. файла/ данных Дата обращения: 07.07.2022
520 0_ a Аннотация В учебном пособии рассмотрены основные понятия маркетинга: рынок, товар, цена, ценообразование. Освещены вопросы распределения товаров и их продвижение на рынке. Дана подробная схема маркетингового исследования. Учебный материал четко систематизирован, отражает современные подходы к изучению предмета, написан в доступной для понимания форме. Пособие предназначено студентам высших учебных заведений (бакалавриата и магистратуры), аспирантам и преподавателям, а также всем интересующимся.
535 1_ a Хранилище Образовательная платформа Юрайт
583 a Действие Приписка : УМК
653 0_ a Ключевые слова Маркетинг
653 0_ a Ключевые слова Автомобильный транспорт
653 0_ a Ключевые слова Рынок
653 0_ a Ключевые слова Маркетинговые исследования
653 0_ a Ключевые слова Цены
653 0_ a Ключевые слова Продвижение товаров
655 07 a Жанр/ форма (устаревшее) У
773 18 w Контрольный № источника RU/IS/BASE/263218005
w Контрольный № источника 116026
856 40 u URL https://urait.ru/bcode/493072
901 t Тип документа m
905 a Дата создания записи 20.12.19
c Дата приписки 22.17.25
c Дата приписки 13.01.25
952 a Тип литературы для КСУ ВШ У2
952 e Факультет *ФУСК*
990 g Размещение заказа (DOS) ЭБС Юрайт